Quizzes
Events
Quiz Creation
Community
Videos
Private Events
Remove Ads
Sign In
Join for FREE
Feedback
Dark Mode
Quiz Categories
Sports
Geography
Music
Movies
Television
Just For Fun
Miscellaneous
History
Literature
Language
Science
Gaming
Entertainment
Religion
Holiday
For Kids
Quiz Lab
Recent
Popular Today
Quiz Kudos Today
Editor Picks
Curator Picks
Quizzes by...
Day
Popularity
Type
Ratings
Length
Year
Community
Subscriptions
Recent Discussions
Orange Saloon
Badges
Playlists
Quests
Create
Leaderboards
Showdown
Live 5
Trivia Bingo
Activity
Puzzle Library
Sporcle Events
Private Events
Virtual Trivia
Globe League
Become a Host
Pub Owners
SporcleCon
Opinionation
Our Games
Videos
Blog
Mobile Apps
Partnerships
Remove Ads and Go Orange
Feedback
Movies
Disney
Marvel Cinematic Universe
Movie Resume
Movie Titles
Oscar
Actor
Actress
Director
Pixar
Role
Movie Quotes
Movie Characters
Box Office
Nominee
Best Picture
Star Wars
James Bond
Horror Movies
Movies
Disney
Marvel Cinematic Universe
Movie Resume
Movie Titles
Oscar
Actor
Actress
Director
Pixar
Role
Movie Quotes
Movie Characters
Box Office
Nominee
Best Picture
Star Wars
James Bond
Horror Movies
Random Quiz
Search Sporcle
×
Quiz Lab
Quiz Lab
Movies
Follow That Line
Select answers by clicking on text or image buttons
Select answers by clicking on text or image buttons
Clickable
Best Score? Go Orange.
Follow that Line: Austin Powers 2 (SWSM) Stats
Can you pick the Follow that Line: Austin Powers 2 (SHSM)?
By
stevefromiu
5m
14 Questions
3,610 Plays
3,610 Plays
3,610 Plays
Comments
Comments
Give Quiz Kudos
Give Quiz Kudos
-
- Ratings
hide this ad
Forced Order
Answers have to be entered in order
Answers have to be entered in order
Random Order
Randomize order of answers
Randomize order of answers
Replay
Link that replays current quiz
Next Quiz
Link to next quiz in quiz playlist
You Got
0%
They Got
Avg Score
91%
Avg Friend Score
Upgrade to see
Score Distribution
Jump to the score distribution portion of the page
Score
0/14
Timer
05:00
0
Plays Today
% Correct
Because you never kill him when you get the chance, and you're a big dope?
98.2%
Why make a trillion when we could make... billions?
96.8%
Are you kidding, baby? I put the 'grrrr' in swinger, baby! Yeah!
94.8%
Could someone put a freakin bell on him or something.
93.3%
I've got more chins than a Chinese phonebook
92.8%
Is how much England looks in no way like Southern California.
92.7%
November, 1964, Dutch East Indies, shore leave.
92.5%
% Correct
Get in my Belly.
92%
Which is long enough to declare it legally dead.
91%
I don't know, I've never looked.
90.7%
How about no, Scott. OK?
90.5%
You can start by buying me a drink.
86.9%
You complete me.
86.6%
Cause once you've had fat, you never go back.
85.8%
Quiz Playlist
Details
Report
Send in Message
Add To Playlist
Clickable:
Select answers by clicking on text or image buttons
Forced Order:
Answers have to be entered in order
Random Order:
Randomize order of answers
Last Updated: Feb 16, 2017
Quiz Scoreboard
CHALLENGE
Sign Up to Join the Scoreboard
Show All
Scores
Hide
Comments
May contain spoilers
Recently Published
NBA Finals Game Top Scorers (2010s)
by flibbidy
Sports
5m
Guess the 'R' Things in 3 Words
by MSUKent
Miscellaneous
3m
Actor to Badly Drawn Movie III
by MoMosMoProblems
Movies
5m
More to Explore
Quiz From the Vault
Featured Blog Post
Where Does Lost Luggage Go?
hide this ad
You Might Also Like...
Tags
Clickable Quiz
Follow That Line Quiz
austin
Follow
Power
Today's Top Quizzes in Movies
Browse Movies
hide this ad
Today's Top Quizzes in Follow That Line
Browse Follow That Line
Top Contributed Quizzes in Movies
1
Pixar Reveal II
2
How Long Is the Movie Title?
3
Pixar Reveal III
4
10 Quentin Tarantino Movies in Order
5
Adjectives in 00s Movies
6
Pixar Reveal IV
7
Movie Stars Gone to the Dogs
8
Adjectives in 10s Movies
9
Pixar Reveal V
10
Adjectives in 90s Movies
Explore More
Trending Topics
Kpop
Harry Potter
NBA
Marvel
Disney
Crossword
Anime
NFL
Puzzle
WWE
The Office
Soccer
Country
Pokémon
Song
hide this ad
More By:
stevefromiu
Quiz
Plays
Rating
Category
Featured
Created
Follow that line: Wedding Crashers
4,646
4.30
Movies
Sep 10, 2012
Follow that Line: Austin Powers 2 (SWSM)
3,610
4.27
Movies
Sep 13, 2012
Follow that Line: Naked Gun
3,589
4.78
Movies
Sep 4, 2012
Follow that Line: Meet the Parents
3,202
4.00
Movies
Sep 11, 2012
Follow that Line: Old School
2,055
4.60
Movies
Sep 19, 2012
Go to Creator's Profile
Score Distribution
Quiz Creator Spotlight
stevefromiu
Follow
Send a Message
Quizzes Created
-
Created Quiz Play Count
-
More By This Creator
Popular Quizzes Today
1
Find the US States - No Outlines Minefield
2
Find the US States
3
The Countries of the World
4
10 Largest US States in Order
5
Find the Countries of Europe - No Outlines Minefield
6
US States
7
Guess the 'R' Things in 3 Words
8
NBA Finals Game Top Scorers (2010s)
More Movies Quizzes
Time Magazine Covers: Movies (1980s-1990s)
Curator's Pick
Trending Quizzes
First Name TV: Leading Men
Match the Book to the Film II
First Name TV: Leading Women Drama
Pick A Pair: Religious TV
Match the Book to the Film VI
Recently Updated
Women's Final Four Teams by Year
bhenderson79
Presidents Quartet II
eogle
Anything But Clue(do)
eogle
Anything But Oceanian Capitals
eogle
Anything But 7
eogle
Anything But Thing
eogle
Word Ladder: February 29
pecheneg
Song Title Questions
pecheneg
Women's NCAA Tournament #1 Seeds
pecheneg
Celebrity Mug Shots
pecheneg
Trending Topics
NBA
Anime
Marvel
Harry Potter
Disney
Kpop
Crossword
Soccer
Puzzle
NFL
WWE
The Office
Country
Song
Pokémon
Your Account Isn't Verified!
In order to create a playlist on Sporcle, you need to verify the email address you used during registration. Go to your
Sporcle Settings
to finish the process.
Report this User
Report this user for behavior that violates our
Community Guidelines
.
Details:
Send Report
Go to the Sporcle.com Mobile Site →
Comments